Quiz mythologie romaine - Statistiques

Statistiques générales
  • Ce quiz a été pris 273 fois
    137 depuis la dernière actualisation
  • Le résultat moyen est 14 sur 32
Statistiques - réponses
Description Nom % Correct
Roi des dieux, dieu du ciel et de la foudre Jupiter
95%
Dieu de la guerre Mars
90%
Déesse de l'amour Vénus
87%
Dieu de la mer Neptune
85%
Dieu du commerce et des voyages, messager des dieux, dieu des voleurs Mercure
76%
Dieu du monde souterrain Pluton
72%
Dieu de l'amour Cupidon
62%
Déesse de la chasse Diane
62%
Reine des dieux, déesse du mariage et de la naissance Junon
61%
Roi des Titans Saturne
61%
Dieu Père et du Ciel Uranus
61%
Dieu de la vigne, des fêtes Bacchus
57%
Dieu des arts, de la musique, de la poésie, de la lumière du soleil Apollon
55%
Déesse de la sagesse, de la stratégie guerrière, des artisans Minerve
52%
Dieu des forgerons et du feu Vulcain
52%
Demi-dieu vénéré personnifiant la force Hercule
51%
Dieu du temps Chronos
47%
Déesse du foyer Vesta
41%
Déesse de l'agriculture Cérès
39%
Déesse de la lune Luna
37%
Déesse Mère et de la Terre Tellus/Terra
34%
Déesse du monde souterrain Proserpine
31%
Dieu du soleil Sol
29%
Dieu de la médecine Esculape
19%
Dieu de la nature Faunus
13%
Déesses du Destin Parques
13%
Déesse de la jeunesse, de la vitalité Juventas
12%
Dieu du sommeil Somnus
9%
Déesse des fleurs Flore
5%
Dieu de la Mort Mors
5%
Reine des Titans Ops
5%
Déesse de la magie Trivia
4%
Aucun quiz correspondant
Distribution des résultats
% des personnes avec chaque résultat
Percentile par nombre de réponses
Votre historique - résultats
Vous n’avez pas pris ce quiz depuis la dernière actualisation